000 00436nam a2200181Ia 4500
001 7449
005 20260306160456.0
008 260306t2014||||xx |||||||||||||| ||spa||
041 _aESP
082 _a338.9857
_bB25
100 _aBarrantes, Roxana
_eAUT
245 0 _aAmazonía peruana y desarrollo económico
260 _c2014
300 _a258 páginas :
_c23 cm.
650 _aGEN
654 _aCAN
942 _cLIB
_dJUS
_fJUS
_2ddc
_n
999 _c7449
_d7449